000 00515nam a22001697a 4500
999 _c18014
_d18014
003 AR-CdUCM
008 190511b ||||| |||| 00| 0 spa d
040 _aMUNICIPALIDAD PROVINCIAL DEL CUSCO
_cBIBLIOTECA MUNICIPAL DEL CUSCO
082 _a868.39 /
_bL45
100 _aLezama, Antonio de
_938339
245 _aArauco Domado precedido de un estudio sobre Lope de Vega /
260 _aChile :
_bZig Zag,
_c1954.
300 _a245 páginas :
_c18 cm.
505 _aLiteratura.
942 _2ddc
_cLIBROS
945 _awfj